000 00592nam a2200181Ia 4500
008 120924t2009 xxu||||| |||| 00| 0 sin d
041 _asin
080 _a8 - 31 (Indian)
_bRAI
100 _aRai,Sathyajith
245 _aගගනගාමියකුගේ දිනපොත සහ තවත් ෂෝන්කු කථා
246 _aGaganagamikayakuge Dinapotha Saha Thawath Shonku Katha
260 _aTimeless Books
_aPannipitiya
_c2009
300 _b207p, 21 cm
700 _aSamarasekara,Prasad
_etr.
942 _cBK
999 _c41991
_d41991
003 LK-CoDNM
040 _aLK-CoDNM
_dLK-CoDNM
_eLK-CoDNM